Down in the Dumps Administration of the Unfair Trade Laws

Salvato in:
Dettagli Bibliografici
Altri autori: Boltuck, Richard, Litan, Robert E.
Natura: Libro
Lingua:inglese
Pubblicazione: Washington The Brookings Institution 1991
Edizione:1. ed.
Soggetti:
Tags: Aggiungi Tag
Nessun Tag, puoi essere il primo ad aggiungerne!!

MARC

LEADER 00000nam a2200000 4500
001 c003028
005 20221214102034.1
020 |a 0-8157-1019-4 
041 0 |a eng 
044 |a US 
245 1 0 |a Down in the Dumps  |b Administration of the Unfair Trade Laws  |c Edit. Richard Boltuck, Robert E. Litan 
250 |a 1. ed. 
264 1 |a Washington  |b The Brookings Institution  |c 1991 
300 |a 350 s. 
610 2 0 |a obchod čierny 
610 2 0 |a dumping 
610 2 0 |a clá 
610 2 0 |a USA 
610 2 0 |a zastupiteľstvá obchodné 
610 2 0 |a obchod 
700 1 |a Boltuck, Richard 
700 1 |a Litan, Robert E.